01236nam a2200337 a 450000500170000000800410001704000250005804100080008304400080009108200160009911000140011524500620012926000480019130000300023950500780026950500480034750500590039550500360045450500510049050500480054150500910058950500300068061000400071065000320075065000160078265000270079865000260082571000170085194200150086899900150088320200104041545.0140312b2002 enk||||| |||| 00| 0 spa d aCO-BoIAVHcCO-BoIAVH0 aspa aenk04a307.1bA18c2 bActionAid10aCancún :b¿qué se espera de la agenda de desarrollo? aLondon :bActionAid :bAzione Aiuto,c2002? a8 Folletos ;c30 x 21 cm.0 aVol. 1: Temas fundamentales para la 5a Conferencia Ministerial de la OMC 0 aVol. 2: Acuerdo sobre inversiones de la OMC0 aVol. 3: Acuerdo general sobre el comercio de servicios0 aVol. 4: Decisión de Marrakech0 aVol. 5: Acuerdo sobre la agricultura de la OMC0 aVol. 6: Políticas de competencia y la OMC0 aVol. 7: Aspectos de los derechos de propiedad intelectual relacionados con el comercio0 aVol. 8: Reforma de la OMC2 aOrganización Mundial del Comercio 6aDerecho a la alimentación 6aAgricultura 6aPolítica alimentario 6aPropiedad intelectual2 aAzione Aiuto cLIBRO2ddc c3965d3965